000 00921nam a22002537a 4500
005 20240530110629.0
008 170111s2014 ua h g 000 0 ara d
040 _aEG-CaGPL
_cEG-CaGPL
082 0 2 _221
_a291.1\
_bح د
100 0 _aحسين الشيخ
245 1 0 _aديانات :
_bالاسرار و العبادات الغامضة فى التاريخ /
_cحسين الشيخ
260 _aالاسكندرية :
_bدار المعرفة الجامعية ،
_c2015.
300 _a128 ص. :
_bصور ؛
_c24 سم.
650 0 7 _2qrmak
_aالعبادات
650 0 7 _2qrmak
_aالطقوس الدينية
650 0 7 _2qrmak
_aاللاهوت
650 0 7 _2qrmak
_aالديانات القديمة
650 0 7 _2qrmak
_aالاساطير
_xعلم
650 0 7 _2qrmak
_aالماسونية
650 0 7 _2qrmak
_aالديونيسية
651 _2qrmak
942 _2ddc
_cBK
999 _c63214
_d63214